| 000 | 01476cas a2200421 i 4500 | ||
|---|---|---|---|
| 001 | 196928 | ||
| 003 | ES-MaACL | ||
| 005 | 20250809014625.0 | ||
| 007 | ta | ||
| 008 | 250214c19099999it eu p 0uuub0lat | ||
| 016 | 7 |
_abiseBNE19950055606 _2SpMaBN _zRECBI000496 |
|
| 022 | 0 | _a0001-5199 | |
| 035 | _a00000496 | ||
| 035 | _a(OCoLC)436528017 | ||
| 035 | _a(SpMaBN)bise0000159072 | ||
| 035 | _a991053480999708606 | ||
| 040 |
_aSpMaBN _bspa _cSIC _erdc |
||
| 222 | 0 | _aActa apostolicae sedis. Commentarium officiale | |
| 245 | 0 | 0 |
_aActa apostolicae sedis : _bcommentarium officiale |
| 260 |
_aRomae : _b[s.n.], _c1909- _f(Typis Polyglottis Vaticanis) |
||
| 300 |
_a8 v. ; _c28 cm. |
||
| 310 | _aQuincenal | ||
| 336 |
_2rdacontent _atexto |
||
| 337 |
_2rdamedia _asin mediación |
||
| 338 |
_2rdacarrier _avolumen |
||
| 362 | 0 | _aAnnus 1, vol. 1, n. 1 (Ian. 1909) | |
| 510 |
_aCPPBAM, _c11 |
||
| 650 | 0 | 7 |
_aDerecho eclesiástico _2embne _911703 |
| 650 | 0 | 7 |
_aDerecho canónico _2embne _911655 |
| 655 | 7 |
_9226866 _aRevistas |
|
| 852 |
_aES-MaACL _jHEM-951 _cDEPO1 _zMuerta _918 |
||
| 856 |
_uhttps://dialnet.unirioja.es/servlet/revista?codigo=11207 _ySumarios de la revista en Dialnet |
||
| 856 |
_uhttps://www.vatican.va/archive/aas/index_sp.htm _yLa Santa Sede (Roma) |
||
| 866 | _o1913-1920. | ||
| 942 |
_2udc _n0 _cPERIODICA |
||
| 955 | _bPilar Fernández Vera | ||
| 999 |
_c196928 _d196928 |
||